书目信息 |
| 题名: |
中国园林文化
|
|
| 作者: | 曹林娣 著 | |
| 分册: | ||
| 出版信息: | 北京 中国建筑工业出版社 2005.05 |
|
| 页数: | 498页 | |
| 开本: | 24cm | |
| 丛书名: | ||
| 单 册: | ||
| 中图分类: | TU986.62 | |
| 科图分类: | ||
| 主题词: | 园林艺术--yuan lin yi shu--中国 , 园林--yuan lin--文化--研究--中国 | |
| 电子资源: | ||
| ISBN: | 978-7-112-07211-8 | |
| 000 | 00929nam0 2200241 450 | |
| 001 | 012007057641 | |
| 005 | 20220915155603.45 | |
| 010 | @a978-7-112-07211-8@dCNY68.00 | |
| 100 | @a20071226d2005 km y0chiy0120 ea | |
| 101 | 0 | @achi |
| 102 | @aCN@b110000 | |
| 105 | @aah a 000yy | |
| 200 | 1 | @a中国园林文化@Azhong guo yuan lin wen hua@f曹林娣著@Fcao lin di zhu |
| 210 | @a北京@c中国建筑工业出版社@d2005.05 | |
| 215 | @a498页@c图, 摹真@d24cm | |
| 320 | @a有书目 (第493-496页) | |
| 330 | @a本书上编阐释中国园林从萌芽、产生、发展到成熟的文化变迁;中编阐释体现在园林建筑、植物、山水等物质符号中的文化因子等;下编将中国园林文化置于全球文化语境中,分析其文化特质和发展变迁的深层文化原因。 | |
| 606 | 0 | @a园林艺术@Ayuan lin yi shu@y中国 |
| 606 | 0 | @a园林@Ayuan lin@x文化@x研究@y中国 |
| 690 | @aTU986.62@v4 | |
| 701 | 0 | @a曹林娣@Acao lin di@4著 |
| 801 | 0 | @aCN@b河南城建学院图书馆@c20071226 |
| 905 | @b271404-05@dTU986.62@eC120@f2 | |
| 中国园林文化/曹林娣著.-北京:中国建筑工业出版社,2005.05 |
| 498页:图, 摹真;24cm |
| ISBN 978-7-112-07211-8:CNY68.00 |
| 本书上编阐释中国园林从萌芽、产生、发展到成熟的文化变迁;中编阐释体现在园林建筑、植物、山水等物质符号中的文化因子等;下编将中国园林文化置于全球文化语境中,分析其文化特质和发展变迁的深层文化原因。 |
| ● |
| 相关链接 |
|
|
|
正题名:中国园林文化
索取号:TU986.62/C120
 
预约/预借
| 序号 | 登录号 | 条形码 | 馆藏地/架位号 | 状态 | 备注 |
| 1 | 1503791 | 215037911 | 建筑与城市规划学院资料室/ [索取号:TU986.62/C120] | 在馆 | |
| 2 | 1503792 | 215037920 | 建筑与城市规划学院资料室/ [索取号:TU986.62/C120] | 在馆 | |
| 3 | 271404 | 202714045 | 建筑库201/201建筑库 119排1列3层/ [索取号:TU986.62/C120] | 在馆 | |
| 4 | 271405 | 202714054 | 建筑库201/201建筑库 119排1列3层/ [索取号:TU986.62/C120] | 在馆 |